| 000 | 00415nam a22001697a 4500 | ||
|---|---|---|---|
| 005 | 20160618123543.0 | ||
| 008 | 160618b xxu||||| |||| 00| 0 eng d | ||
| 020 | _a81-7808-057-5 | ||
| 041 | _aeng | ||
| 082 | _b8122 | ||
| 100 |
_aKala kata & Whinstrom _92206 |
||
| 245 | _aFrontices electronic commerce | ||
| 260 |
_aDelhi _bPearson Education _c2004 |
||
| 300 | _a809 | ||
| 650 |
_aManagement _9241 |
||
| 942 | _cBK | ||
| 999 |
_c3089 _d3088 |
||